| 000 | 01337nmc a2200445 a 4500 | ||
|---|---|---|---|
| 003 | AR-BaBNM | ||
| 005 | 20251128204907.0 | ||
| 008 | 011101s1988 ||||||||||||||000 | spa|| | ||
| 020 | _a84-277-0840-8 | ||
| 040 | _cAR-BaBNM | ||
| 111 | 2 |
_aCongreso Mundial Vasco _n2 _cBilbao, España _9oct. 13-17 _d1987 |
|
| 245 | 1 | 0 | _aTecnología y educación |
| 260 |
_aMadrid _bNarcea _c1988 |
||
| 300 | 0 |
_a303 p. _bgráfs., tablas, diagr. |
|
| 490 | 0 |
_aCongreso de educación _vv. 5 |
|
| 500 | 0 | _aAnexo de otras comunicaciones aceptadas | |
| 504 | _aContiene bibliografía al final de cada Ponencia o Comunicación | ||
| 600 | 0 | 4 | _aProyecto "EAO" |
| 600 | 0 | 4 | _aProyecto "Z-Eli" |
| 650 | 4 | _aINFORMATICA | |
| 650 | 4 | _aPROGRAMAS INFORMATICOS | |
| 650 | 4 | _aLENGUAJES DE COMPUTACION | |
| 650 | 4 | _aAPRENDIZAJE | |
| 650 | 4 | _aRECURSOS EDUCACIONALES | |
| 650 | 4 | _aRADIO EDUCATIVA | |
| 650 | 4 | _aREDES DE INFORMACION | |
| 650 | 4 | _aTECNOLOGIA EDUCATIVA | |
| 651 | 4 | _aEspaña | |
| 653 | 0 | _aPSICOLOGIA COGNITIVA | |
| 700 | 1 |
_aAguirregabiria, Mikel _ecoordinador |
|
| 700 | 1 | _aCorreas, José Manuel | |
| 700 | 1 | _aGarcía-Ramos, Luis Alberto | |
| 700 | 1 | _aHoyles, Celia | |
| 700 | 1 | _aMartí, Eduardo | |
| 700 | 1 | _aMendelsohn, Patrick | |
| 700 | 1 | _aRequena, Alberto | |
| 700 | 1 | _aVitale, Bruno | |
| 942 | _cBK | ||
| 998 | _csilvi | ||
| 999 |
_c9228 _d9228 |
||